| 000 | 00530nam a22001817a 4500 | ||
|---|---|---|---|
| 003 | SISC | ||
| 005 | 20160216124532.0 | ||
| 008 | 140221t xxu||||| |||| 00| 0 eng d | ||
| 020 | _a1854227688 | ||
| 050 |
_aQE 367 _b.K88 1994 |
||
| 100 |
_aKourimsky, Jiri. _930522 |
||
| 245 |
_aMinerals and rocks: _b magna feild guide / _cDr. Jiri Kourimsky. |
||
| 260 |
_aCzech Republic : _bMagna Books, _cc1994. |
||
| 300 |
_a190 p. : _bill. col. ; _c20 cm. |
||
| 650 |
_aMineralogy, Determination. _930523 |
||
| 942 |
_2lcc _cBK |
||
| 999 |
_c42297 _d42297 |
||